Kliešťová encefalitída a možnosť infikovania mliekom kôz

Bibliographic Details
Main Author: Mikušová, J. (Author)
Format: Article
Language:Slovak
Subjects:

MARC

LEADER 00000nab a2200000 a 4500
001 vtls000387386
003 SK-MaSNL
005 20260303194704.0
008 220422c1990 xo 0 slo
015 |a SNBRB19rr/mm-uuuuu 
035 |a CL0387509 
040 |a SNKBUCL  |b slo  |c SNKBUCL  |e AACR2 
041 0 |a slo 
044 |a xo  |c SK 
080 |a 636.39:619.988  |2 1981 
080 |a 619.988  |2 1981 
080 |a 619  |2 1981 
080 |a 616.988  |2 1981 
080 |a 636.39  |2 1981 
100 1 |a Mikušová, J.  |4 aut  |9 830263 
245 1 0 |a Kliešťová encefalitída a možnosť infikovania mliekom kôz  |c J. Mikušová 
650 0 7 |a kozy  |2 snkbucl  |9 16130 
650 0 7 |a kozie mlieko  |2 snkbucl  |9 104436 
650 0 7 |a encefalitída kliešťová  |2 snkbucl  |9 890411 
655 7 |a články z novín a časopisov  |2 snkbucl  |9 267496 
773 0 |t Chovateľ  |g Roč. 26, č. 6 (1990), s. 135 
850 |a Slovenská národná knižnica v Martine  |a MTA001 
852 |a SNK  |b KIS3GCP 
958 |a RK 
958 |a ME 
992 |a RBX 
999 |c 2158917  |d 2160847